00457 a2200109 4500001001000000005001700010008004100027245017300068100003900241773005000280999001700330ART_4003820260410161842.0260409a 10aLos alcances subjetivos y objetivos de la sentencia anulatoria de un acto de alcance general a la luz de los nuevos derechos y garantías de la Constitución Nacional1 aGarcía Pullés, Fernando Raúl0 tRAPg- Año 23, Nº 272 (may. 2001)wREV5941 c24157d24157